000 00460cam a2200193ua 4500
001 3875
008 131205n1987 II |||gr||||Z||||||eng
040 _aMAIN
041 _aEnglish
100 _aERIE, E. CONN.
245 _aOUTLINE OF BIOCHEMISTRY
260 _aNEW YORK
_bJOHN WILLEY & SONS
_c1987
300 _a693:
_c24CM.
653 _aBiochemistry
700 _aPAUL, K. STAMPT.
700 _aBRUENING, GEORGE.
700 _aROY, H. DOI.
942 _cBK
999 _c3862
_d3862